Самые популярные треки OG Buda в Spotify - Statistics

General Stats
  • This quiz has been taken 295 times
  • The average score is 8 of 30
Answer Stats
Hint Answer % Correct
1.5m Биг бой
59%
1.4m Биг бой слайм
59%
4.2m Бандит
52%
5.2m Старшие
51%
1.2m Откровения
46%
3.8m Сайфер
45%
1.9m ОПГ сити
40%
5.5m Групи
39%
9.4m Cristal & МОЁТ Remix
36%
5.0m Добро Пожаловать
35%
5.0m ГАНЬГ Аутро
32%
1.6m Лил мами
32%
1.3m На кассе
26%
2.8m Диибо
23%
2.7m Воссап
23%
1.1m Даёт
21%
2.7m Трафик
19%
1.4m Стейк
19%
1.3m САМП
19%
1.0m Выше облаков
19%
1.0m На трапе
18%
2.8m Неправильно
17%
1.6m Легенды Зельды
15%
1.0m Дзагоев
14%
2.2m Млечный путь
12%
2.0m Потерял Себя
12%
2.2m На кортах
11%
1.2m Сиппин
11%
1.1m Дабстэп
10%
1.0m Хорошая акустика
10%
No matching quizzes found
Score Distribution
Percent of People with Each Score
Percentile by Number Answered
Your Score History
You have not taken this quiz